000 00640nam a2200277Ia 4500
005 20260324115435.0
008 008 260324s9999 xx 000 0 eng d
020 _a9780429449017
037 _aEBOOK
040 _aCRL
040 _beng
040 _cCRL
041 _2eng
041 _aeng
084 _qCRL
100 _aChristophe Gobin
_91154672
245 0 _aSuccessful Building Using Ecodesign
260 _bTaylor and Francis
260 _c2018
365 _a
365 _b275
856 _uhttp://www.taylorfrancis.com/books/9780429449017
942 _cEBOOK
999 _c1745553
_d1745553